000 00478nam a2200205Ia 4500
008 170918s9999 xx 000 0 und d
020 _a9780439692915
050 _bG555 2004
100 _aGleeson, Matt
245 4 _aThe bird with two heads /
245 _cMatt Gleeson.
260 _aNew York :
260 _bScholastic,
260 _c2004
300 _a24 pages :
300 _bcolored illustration ;
300 _c19cm.
440 _aRead 180.
500 _a320
999 _c341260
_d341260